26_京都府の市町村(ひらがな対応・五十音順) - Statistics

General Stats
  • This quiz has been taken 67 times
  • The average score is 22 of 26
Answer Stats
種類 市町村名 % Correct
京丹後市
98%
京都市
98%
舞鶴市
96%
宇治市
93%
福知山市
93%
綾部市
89%
亀岡市
89%
木津川市
89%
長岡京市
89%
京田辺市
87%
京丹波町
87%
南丹市
87%
宮津市
87%
向日市
87%
南山城村
83%
与謝野町
80%
伊根町
78%
城陽市
78%
八幡市
78%
宇治田原町
74%
大山崎町
74%
久御山町
74%
精華町
74%
井手町
70%
笠置町
67%
和束町
67%
No matching quizzes found
Score Distribution
Percent of People with Each Score
Percentile by Number Answered
Your Score History
You have not taken this quiz